Europe quarterly (Record no. 108416)

MARC details
000 -LEADER
fixed length control field 01130cad a22002295a 4500
001 - CONTROL NUMBER
control field L144229
008 - FIXED-LENGTH DATA ELEMENTS--GENERAL INFORMATION
fixed length control field 080704s2008 xxkad f s 000 0 eng d
035 ## - SYSTEM CONTROL NUMBER
System control number (Sirsi) u144229
041 0# - LANGUAGE CODE
Language code of text/sound track or separate title eng
050 04 - LIBRARY OF CONGRESS CALL NUMBER
Classification number 333.33 $2 18
110 2# - MAIN ENTRY--CORPORATE NAME
Corporate name or jurisdiction name as entry element Atisreal
9 (RLIN) 5337
245 00 - TITLE STATEMENT
Title Europe quarterly
Remainder of title office market quarter one 2008
Medium [electronic resource]
260 ## - PUBLICATION, DISTRIBUTION, ETC.
Place of publication, distribution, etc. [S.l.]
Name of publisher, distributor, etc. Atisreal
Date of publication, distribution, etc. 2008
490 #0 - SERIES STATEMENT
Series statement Atisreal Europe Quarterly Office Market
Volume/sequential designation Quarter One 2008
520 ## - SUMMARY, ETC.
Summary, etc. Reports that the slow down in take-up reported in the last quarter is continuing into the first quarter 2008; -6.3% compared to Q1 2007 and -23% compared to Q4 2007. Finds that prime rents rose 1% in the first quarter, a slowdown on 2.1% recorded the previous quarter. Vacancy rates remained stable this quarter; rents are not expected to fall in the short term.
590 ## - LOCAL NOTE (RLIN)
Local note KA
650 24 - SUBJECT ADDED ENTRY--TOPICAL TERM
Topical term or geographic name entry element ATISREAL EUROPE QUARTERLY OFFICE MARKET
651 #4 - SUBJECT ADDED ENTRY--GEOGRAPHIC NAME
Geographic name Europe
690 ## - LOCAL SUBJECT ADDED ENTRY--TOPICAL TERM (OCLC, RLIN)
Topical term or geographic name as entry element PROPERTY-COMMERCIAL PROPERTY-COMMERCIAL PROPERTY MARKET
856 40 - ELECTRONIC LOCATION AND ACCESS
Uniform Resource Identifier <a href="https://www.atisreal.com/">https://www.atisreal.com/</a>
Public note View this report free of charge under market research at www.atisreal.com...
942 ## - ADDED ENTRY ELEMENTS (KOHA)
Suppress in OPAC 0
Holdings
Withdrawn status Lost status Source of classification or shelving scheme Damaged status Not for loan Home library Current library Shelving location Date acquired Total Checkouts Full call number Barcode Date last seen Copy number Price effective from Koha item type
    Dewey Decimal Classification     Virtual Virtual Online 04/07/2008   ONLINE PUBLICATION 144229-2001 06/08/2019 1 06/08/2019 Book